Singapore Academy of Law Journal

Detalles Bibliográficos
Formato: eBook
Lenguaje:inglés
Publicado: Singapur: Singapore Academy of Law, 1989 -
Materias:
Acceso en línea:Acceso restringido

MARC

LEADER 00000nam a22000007a 4500
005 20220502215629.0
007 cr|||| ||||
008 220502c19899999sg fr|w s|||| 0|||b1eng d
022 |a 0218-2009 
035 |a 36239 
040 |a vLex 
090 |c 13255  |d 13255 
245 0 0 |a Singapore Academy of Law Journal  |h [Recurso electrn̤ico] / 
256 |a Servicio en ln̕ea 
260 |a Singapur:  |b Singapore Academy of Law,  |c 1989 - 
300 |a 1 recurso electrn̤ico 
310 |a Semestral 
506 1 |a Disponible solo en los productos indicados  |d vLex Global  |d vLex Global (Academic Edition, excluding Law Schools)  |d vLex Global (U.S. Academic Edition, Law Schools)  |d vLex Global (U.S. Academic Edition, excluding Law Schools)  |d vLex Global (Academic Edition, Law Schools) 
650 0 4 |a Derecho Civil  |z Singapur 
740 0 |a vLex Revistas (Servicio en ln̕ea) 
856 4 0 |u https://app.vlex.com/#/sources/36239  |z Acceso restringido 
942 |c REV 
999 0 |a Civil Law